Digimon Quiz - Statistics

General Stats
  • This quiz has been taken 1,078 times
    1,070 since last reset
  • The average score is 49 of 116
Answer Stats
Order of Appearance Answer Level % Correct
#9 Agumon Rookie
96%
#17 Greymon Champion
92%
#12 Gabumon Rookie
87%
#44 Angemon Champion
85%
#20 Garurumon Champion
85%
#13 Patamon Rookie
85%
#15 Palmon Rookie
82%
#55 MetalGreymon Ultimate
81%
#89 WarGreymon Mega
81%
#32 Devimon Champion
80%
#69 Gatomon Champion
80%
#10 Biyomon Rookie
78%
#24 Kabuterimon Champion
78%
#11 Tentomon Rookie
78%
#22 Birdramon Champion
77%
#87 Angewomon Ultimate
76%
#14 Gomamon Rookie
75%
#1 Koromon In-Training
74%
#90 MetalGarurumon Mega
74%
#27 Togemon Champion
74%
#82 Lillymon Ultimate
72%
#59 WereGarurumon Ultimate
71%
#30 Leomon Champion
70%
#19 Seadramon Champion
69%
#29 Ikkakumon Champion
66%
#61 MegaKabuterimon Ultimate
65%
#66 Myotismon Ultimate
63%
#67 Garudamon Ultimate
62%
#49 Etemon Ultimate
61%
#93 Puppetmon Mega
60%
#84 Zudomon Ultimate
60%
#94 Piedmon Mega
59%
#56 DemiDevimon Rookie
58%
#91 MetalSeadramon Mega
58%
#6 Tsunomon In-Training
58%
#114 MagnaAngemon Ultimate
57%
#31 Ogremon Champion
57%
#50 SkullGreymon Ultimate
56%
#23 Andromon Ultimate
55%
#3 Kuwagamon Champion
53%
#92 Machinedramon Mega
52%
#2 Motimon In-Training
50%
#8 Tanemon In-Training
50%
#5 Tokomon In-Training
50%
#21 Meramon Champion
49%
#25 Numemon Rookie
49%
#78 Wizardmon Champion
49%
#16 Shellmon Champion
48%
#7 Bukamon In-Training
44%
#43 Elecmon Rookie
43%
#104 MetalEtemon Mega
43%
#26 Monzaemon Ultimate
43%
#45 Whamon Champion
42%
#4 Yokomon In-Training
42%
#116 Apocalymon Mega
38%
#35 Sukamon Rookie
38%
#38 Bakemon Champion
37%
#33 Frigimon Champion
37%
#83 MegaSeadramon Ultimate
36%
#28 Unimon Champion
36%
#39 Botamon Fresh
35%
#113 LadyDevimon Ultimate
35%
#52 Piximon Ultimate
35%
#53 Tyrannomon Champion
35%
#88 VenomMyotismon Mega
34%
#98 Cherrymon Ultimate
31%
#54 Datamon Ultimate
31%
#108 SaberLeomon Mega
31%
#58 Digitamamon Ultimate
30%
#48 Gazimon Rookie
30%
#62 Gekomon Champion
29%
#18 Monochromon Champion
29%
#42 Poyomon Fresh
28%
#76 Pumpkinmon Ultimate
28%
#37 Centarumon Champion
27%
#36 Chuumon Rookie
27%
#77 Gotsumon Rookie
27%
#57 Vegiemon Champion
27%
#60 Vademon Ultimate
26%
#64 ShogunGekomon Ultimate
23%
#46 Drimogemon Champion
22%
#105 Floramon Rookie
22%
#63 Otamamon Rookie
22%
#75 SkullMeramon Ultimate
22%
#81 DarkTyrannomon Champion
21%
#68 Nanimon Champion
21%
#80 Phantomon Ultimate
21%
#40 Punimon Fresh
21%
#51 Kokatorimon Champion
20%
#100 Parrotmon Ultimate
20%
#70 Devidramon Champion
19%
#110 Megadramon Ultimate
19%
#74 Raremon Champion
19%
#112 WaruMonzaemon Ultimate
19%
#101 Guardromon Champion
18%
#97 Kiwimon Champion
18%
#72 Mammothmon Ultimate
18%
#34 Mojyamon Champion
18%
#47 Pagumon In-Training
18%
#86 Snimon Champion
18%
#96 Divermon Champion
16%
#73 Gesomon Champion
16%
#79 Gizamon Rookie
16%
#95 Scorpiomon Ultimate
16%
#103 Woodmon Champion
16%
#111 Gigadramon Ultimate
15%
#109 Tankmon Champion
15%
#115 Vilemon Champion
14%
#41 Yuramon Fresh
14%
#65 Flymon Champion
13%
#99 Garbagemon Ultimate
13%
#107 RedVegiemon Ultimate
13%
#85 Tuskmon Champion
13%
#102 Mekanorimon Champion
11%
#106 Deramon Ultimate
10%
#71 Dokugumon Champion
9%
No matching quizzes found
Score Distribution
Percent of People with Each Score
Percentile by Number Answered
Your Score History
You have not taken this quiz since the last reset